000 00904cam a2200265 a 4500
001 204521
005 20171219035304.0
008 990607s2000 txua b 001 0 eng
010 _a 99064251
020 _a0030267935 (v. 1)
020 _a0030267943 (v. 2)
040 _aDLC
_cDLC
_dDLC
041 _aeng
080 _a520 AND
082 0 0 _a520 AND
_221
100 1 _a42
101 _aAST
245 1 0 _aVoyages through the universe /
_cAndrew Fraknoi, David Morrison, Sidney Wolff.
246 3 _aVoyages to the planets
246 3 _aVoyages to the stars and galaxies
504 _aIncludes bibliographical references and indexes.
906 _a7
_bcbc
_corignew
_d2
_eopcn
_f19
_gy-gencatlg
942 _2ddc
_cBK
999 _c39135
_d39135